[Event "38. MIEDZYNARODOWY MEMORIAL LUDWIKA ZAMENHOFA 2019 - open B"]
[Site "Bialystok"]
[Date "1899-12-30"]
[Round "3.7"]
[White "Zabrzanska, Weronika"]
[Black "Bartoszewicz, Marcin"]
[Result "0-1"]
[WhiteTitle "I++"]
[BlackTitle "I++"]
[WhiteElo "1843"]
[BlackElo "1918"]

1. e4 c5 2. c3 d5 3. exd5 Qxd5 4. d4 e5 5. dxe5 Qxe5+ 6. Be3 Nf6 7. Nf3 Qc7 8.
Be2 Be7 9. O-O O-O 10. Qc2 Nc6 11. h3 Nd5 12. Bg5 Nf4 13. Bxe7 Qxe7 14. Re1 Qf6
15. Nbd2 Bf5 16. Qa4 Bxh3 17. Bf1 Be6 18. Ne4 Qg6 19. Neg5 Nd5 20. Rad1 Rad8 21.
Qh4 h6 22. Ne4 b6 23. Bb5 Nce7 24. Ne5 Qf5 25. Ng3 Qf4 26. Qh2 Nf6 27. Nd3 Qc7
28. Qh4 Ng6 29. Qa4 Rd6 30. Bc4 Bd7 31. Qb3 b5 32. Bxb5 Rb8 33. a4 a6 34. c4 axb5
35. axb5 Re6 36. Rf1 h5 37. f4 Re3 38. Rf3 Rxf3 39. gxf3 Nxf4 40. Kf2 h4 41. Nf1
Rb6 42. Qa3 Nxd3+ 43. Qxd3 Qe5 44. Rd2 Qf4 45. b4 Ng4+ 46. Kg1 Ne5 47. Qe3 Qxe3+
48. Nxe3 Nxf3+ 49. Kf2 Nxd2 50. bxc5 Nxc4 0-1

[Event "38. MIEDZYNARODOWY MEMORIAL LUDWIKA ZAMENHOFA 2019 - open B"]
[Site "Bialystok"]
[Date "1899-12-30"]
[Round "3.8"]
[White "Norov, Artem"]
[Black "Perminaite, Guoda"]
[Result "1-0"]
[WhiteTitle "I"]
[BlackTitle "I"]
[WhiteElo "1871"]
[BlackElo "1843"]

1. d4 d5 2. c4 e6 3. Nf3 Nf6 4. Nc3 Be7 5. g3 O-O 6. Bg2 b6 7. cxd5 exd5 8. Ne5
Bb7 9. O-O Na6 10. Bg5 Ne4 11. Bxe7 Qxe7 12. Rc1 c5 13. e3 Rfd8 14. Qa4 Qe8 15.
Qxe8+ Rxe8 16. Rfd1 cxd4 17. exd4 f6 18. Nd3 g5 19. Nb5 Red8 20. b4 f5 21. a3
Rdc8 22. Ne5 g4 23. Bxe4 dxe4 24. Nd6 Rxc1 25. Rxc1 Bd5 26. Nxf5 Be6 27. Nh6+
Kg7 28. Nhxg4 Rd8 29. b5 Nb8 30. Rc7+ Kf8 31. Nf6 1-0

[Event "38. MIEDZYNARODOWY MEMORIAL LUDWIKA ZAMENHOFA 2019 - open B"]
[Site "Bialystok"]
[Date "1899-12-30"]
[Round "3.9"]
[White "Kaminski, Maciej"]
[Black "Baryschyk, Sergey"]
[Result "1/2-1/2"]
[WhiteTitle "I++"]
[BlackTitle "I"]
[WhiteElo "1804"]
[BlackElo "1866"]

1. d4 Nf6 2. Bf4 g6 3. Nc3 d5 4. e3 Bg7 5. h4 O-O 6. h5 c5 7. Nb5 Na6 8. hxg6 fxg6
9. c3 Bd7 10. a4 c4 11. Nf3 Ne4 12. Ne5 g5 13. Qh5 h6 14. Nxd7 Qxd7 15. Be5 Qe6
16. f3 Bxe5 17. dxe5 Ng3 18. Qxh6 Qxh6 19. Rxh6 Kg7 20. Rh3 Nf5 21. Nd4 Kg6 22.
Nc2 Nc5 23. g4 Ng7 24. Kf2 Nge6 25. Nd4 Nxd4 26. cxd4 Nb3 27. Rd1 Rac8 28. Kg3
Rc6 29. f4 gxf4+ 30. exf4 e6 31. Bg2 c3 32. bxc3 Rxc3+ 33. Bf3 Nc1 34. Kg2 Rc2+
35. Kg3 Rc3 36. Re1 Nb3 37. Rd1 Nc1 38. Re1 a6 39. g5 b5 1/2-1/2

[Event "38. MIEDZYNARODOWY MEMORIAL LUDWIKA ZAMENHOFA 2019 - open B"]
[Site "Bialystok"]
[Date "1899-12-30"]
[Round "3.10"]
[White "Paulauskas, Andrius"]
[Black "Strepikowski, Pawel"]
[Result "1-0"]
[WhiteTitle "I"]
[BlackTitle "I"]
[WhiteElo "1930"]
[BlackElo "1685"]

1. e4 c5 2. Ne2 d6 3. g3 Nf6 4. Bg2 g6 5. h3 Bg7 6. d3 Nc6 7. c3 O-O 8. O-O e5
9. f4 Qe7 10. g4 h5 11. g5 Nh7 12. h4 exf4 13. Nxf4 Be6 14. Na3 Ne5 15. Nc2 Rfe8
16. Ne3 Ng4 17. Ned5 Qd7 18. Bh3 Nf2 19. Bxe6 fxe6 20. Rxf2 exd5 21. Nxd5 Rf8
22. Nf4 Qf7 23. Be3 Rfe8 24. Nxh5 Qe7 25. Qb3+ Kh8 26. Rf7 Qe5 27. Bf4 Qe6 28.
Qxe6 1-0

[Event "38. MIEDZYNARODOWY MEMORIAL LUDWIKA ZAMENHOFA 2019 - open B"]
[Site "Bialystok"]
[Date "1899-12-30"]
[Round "3.11"]
[White "Kotarski, Bartosz"]
[Black "Pytel, Maciej"]
[Result "1/2-1/2"]
[WhiteTitle "I+"]
[BlackTitle "k"]
[WhiteElo "1696"]
[BlackElo "1942"]

1. e4 c6 2. d4 d6 3. Nc3 Nd7 4. f4 g6 5. Nf3 Bg7 6. Be3 Nb6 7. Qd2 Nf6 8. h3 h5
9. O-O-O Be6 10. Ng5 Bd7 11. Bd3 e6 12. e5 Ng8 13. Nce4 Bf8 14. g4 Nd5 15. gxh5
Rxh5 16. Be2 Rh6 17. Bf2 f5 18. Nxd6+ Bxd6 19. exd6 b5 20. Bf3 Qb8 21. Bxd5 cxd5
22. Qb4 Nf6 23. Rde1 Ne4 24. Nxe4 fxe4 25. f5 exf5 26. Qd2 Rh5 27. Qf4 Kf7 28.
h4 Qh8 29. Rhg1 Qh6 30. Rg5 Rxg5 31. hxg5 Qh5 32. Qe5 Qxg5+ 33. Be3 Qh4 34. Qxd5+
Kg7 35. Rg1 Rh8 36. Qb7 Qd8 37. d5 Rh5 38. Qxa7 Kf7 39. Kb1 Qc8 40. a4 Rh2 41.
c3 bxa4 42. c4 a3 43. Bd4 a2+ 44. Ka1 Rd2 45. Bc3 Rd3 46. c5 Rxd5 47. b4 Rxd6
48. cxd6 Qxc3+ 49. Kxa2 Qc2+ 1/2-1/2

[Event "38. MIEDZYNARODOWY MEMORIAL LUDWIKA ZAMENHOFA 2019 - open B"]
[Site "Bialystok"]
[Date "1899-12-30"]
[Round "4.1"]
[White "Madrawski, Krzysztof"]
[Black "Kiolbasa, Damian"]
[Result "0-1"]
[WhiteTitle "I++"]
[BlackTitle "II+"]
[WhiteElo "1993"]
[BlackElo "1946"]

1. e4 2. d5 3. exd5 4. Qxd5 5. Nc3 6. Qd6 7. Nf3 8. Bg4 9. Be2 10. Nc6 11. b4 12.
O-O-O 13. b5 14. Bxf3 15. Bxf3 16. Nd4 17. O-O 18. f5 19. a4 20. e5 21. Ba3 22.
Qd7 23. Bxf8 24. Rxf8 25. a5 26. e4 27. Be2 28. Nf6 29. b6 30. a6 31. bxc7 32.
g5 33. d3 34. Qc6 35. Na4 36. Qxc7 37. c3 38. Nxe2+ 39. Qxe2 40. Ng4 41. g3 42.
h5 43. dxe4 44. h4 45. Nb6+ 46. Kb8 47. Nd5 48. Qe5 49. Rab1 50. Rf7 51. f4 52.
Qd6 53. fxg5 54. hxg3 55. Qxg4 56. gxh2+ 57. Kh1 58. fxg4 59. Rxf7 60. Qc6 61.
g6 62. g3 63. Rb2 64. Qb5 65. Nb4 66. Rd8 67. Rb1 68. Ka8 69. Rf3 70. Qe2 71.
Rxg3 72. Qxe4+ 73. Kxh2 74. Rh8+ 75. Kg1 76. Qxb1+ 0-1

[Event "38. MIEDZYNARODOWY MEMORIAL LUDWIKA ZAMENHOFA 2019 - open B"]
[Site "Bialystok"]
[Date "1899-12-30"]
[Round "4.2"]
[White "Zeliantsova, Kseniya"]
[Black "Ryszkiewicz, Adam"]
[Result "1/2-1/2"]
[WhiteTitle "k"]
[BlackTitle "I"]
[WhiteElo "1993"]
[BlackElo "1917"]

1. e4 2. e5 3. Nf3 4. Nf6 5. d4 6. Nxe4 7. Bd3 8. d5 9. Nxe5 10. Nc6 11. Nxc6 12.
bxc6 13. O-O 14. Be7 15. Re1 16. f5 17. Qe2 18. Kf7 19. Nd2 20. Bf6 21. Nb3 22.
g6 23. c4 24. Re8 25. Qc2 26. Ba6 27. Be3 28. Nd6 29. cxd5 30. Bxd3 31. Qxd3 32.
cxd5 33. Bf4 34. Nc4 35. Rxe8 36. Qxe8 37. Bxc7 38. Qc6 39. Bf4 40. Nxb2 41. Qh3
42. h5 43. Rc1 44. Nc4 45. Qf3 46. Rc8 47. h3 48. Kg7 49. Be3 50. Qd6 51. g3 52.
Re8 53. Bf4 54. Qe6 55. Nc5 56. Qf7 57. Qd3 58. Qe7 59. Rb1 60. Nb6 61. Be3 62.
Bg5 63. Re1 64. Qd6 65. h4 66. Bxe3 67. Rxe3 68. Re7 69. Qe2 70. Kf6 71. Nd3 72.
Re4 73. Nf4 74. Nc4 75. Rxe4 76. fxe4 77. Qc2 78. Kf5 79. Qb3 80. g5 81. Ng2 82.
gxh4 83. Nxh4+ 84. Kf6 85. Kg2 86. Qb6 87. Qa4 88. e3 89. fxe3 90. Nxe3+ 91. Kf3
92. Qe6 93. Qa3 94. Qe4+ 95. Kf2 96. Ng4+ 97. Kf1 98. Qh1+ 99. Ke2 100. Qh2+ 101.
Kd1 102. Qg1+ 103. Kc2 104. Qf2+ 105. Kb1 106. Qe1+ 107. Kb2 108. Qd2+ 109. Kb1
110. Qe1+ 111. Kb2 112. Qd2+ 113. Kb1 114. Qd1+ 1/2-1/2

[Event "38. MIEDZYNARODOWY MEMORIAL LUDWIKA ZAMENHOFA 2019 - open B"]
[Site "Bialystok"]
[Date "1899-12-30"]
[Round "4.4"]
[White "Laskowski, Filip"]
[Black "Backiel, Hubert"]
[Result "1-0"]
[WhiteTitle "I+"]
[BlackTitle "I"]
[WhiteElo "1908"]
[BlackElo "1860"]

1. c4 2. e5 3. g3 4. g6 5. Bg2 6. Bg7 7. Nc3 8. d6 9. e3 10. c6 11. Nge2 12. Be6
13. d3 14. f5 15. O-O 16. Nf6 17. Qb3 18. Qc7 19. d4 20. O-O 21. d5 22. Bf7 23.
e4 24. fxe4 25. Bg5 26. Nfd7 27. Nxe4 28. Nb6 29. Rac1 30. Na6 31. Qd1 32. h6
33. Be3 34. Rad8 35. b3 36. Qe7 37. N4c3 38. Nb8 39. Qd2 40. Kh7 41. a4 42. c5
43. Ne4 44. Na6 45. N2c3 46. Nb4 47. a5 48. Nc8 49. Na2 50. Nxa2 51. Qxa2 52.
Qc7 53. Rb1 54. Ne7 55. g4 56. g5 57. b4 58. b6 59. bxc5 60. bxc5 61. Rb3 62.
Rb8 63. Rfb1 64. Bg6 65. a6 66. Rxb3 67. Qxb3 68. Qc8 69. Qb7 70. Qxg4 71. h3
72. Qh4 73. Qxe7 74. Bxe4 75. Rb7 76. Rg8 77. Rxa7 78. Bxg2 79. Kxg2 80. Qe4+
81. Kg3 82. Qh1 83. f3 84. e4 85. Qxe4+ 86. Kh8 87. Re7 88. Be5+ 89. Rxe5 90.
dxe5 91. Qxe5+ 92. Kh7 93. Bxc5 94. h5 95. Qf5+ 96. Kh6 97. Qf6+ 98. Kh7 99. Qf5+
100. Kh6 101. Bf8+ 102. Rxf8 103. Qxf8+ 104. Kg6 105. Qe8+ 106. Kf6 107. Qe6+
108. Kg7 109. Qe5+ 110. Kg6 111. Kf2 112. Qc1 113. Qe4+ 114. Kf6 115. Qd4+ 116.
Kf5 117. a7 118. Qc2+ 119. Kf1 120. Qb1+ 121. Ke2 122. Qa2+ 123. Ke3 124. h4 125.
d6 126. Ke6 127. Qd5+ 128. Kd7 129. Qb7+ 130. Kxd6 131. a8=Q 1-0

[Event "38. MIEDZYNARODOWY MEMORIAL LUDWIKA ZAMENHOFA 2019 - open B"]
[Site "Bialystok"]
[Date "1899-12-30"]
[Round "4.5"]
[White "Ocytko, Andrzej"]
[Black "Dudkiewicz, Wiktor"]
[Result "1-0"]
[WhiteTitle "k"]
[BlackTitle "II"]
[WhiteElo "1999"]
[BlackElo "1830"]

1. e4 2. c5 3. Nf3 4. d6 5. Bb5+ 6. Nd7 7. Ba4 8. a6 9. c4 10. Rb8 11. Nc3 12.
Ngf6 13. d4 14. cxd4 15. Nxd4 16. e6 17. O-O 18. Be7 19. Be3 20. O-O 21. f3 22.
Qc7 23. Rc1 24. Nc5 25. Bc2 26. b6 27. Bb1 28. Bb7 29. b4 30. Ncd7 31. f4 32.
Rbd8 33. Qe2 34. Qb8 35. f5 36. exf5 37. Nxf5 38. Rfe8 39. Bd4 40. Bf8 41. Qf2
42. Qc7 43. Nd5 44. Bxd5 45. exd5 46. Rb8 47. Qh4 48. Ne5 49. Qg5 50. Kh8 51.
Rc3 52. Rb7 53. Qh4 54. Qd8 55. Rh3 56. h6 57. Nxh6 58. gxh6 59. Rxf6 60. Kg8
61. Qg3+ 62. Bg7 63. Rfxh6 64. f6 65. Bxe5 1-0

[Event "38. MIEDZYNARODOWY MEMORIAL LUDWIKA ZAMENHOFA 2019 - open B"]
[Site "Bialystok"]
[Date "1899-12-30"]
[Round "4.6"]
[White "Kozlowski, Pawel"]
[Black "Paulauskas, Andrius"]
[Result "0-1"]
[WhiteTitle "I"]
[BlackTitle "I"]
[WhiteElo "1844"]
[BlackElo "1930"]

1. b3 2. e5 3. Bb2 4. Nc6 5. e3 6. g6 7. Ne2 8. Bg7 9. h3 10. Nge7 11. d3 12. d5
13. Nd2 14. a5 15. a3 16. O-O 17. g3 18. d4 19. e4 20. f5 21. Bg2 22. Be6 23.
O-O 24. Qd7 25. Kh2 26. f4 27. Nf3 28. h6 29. gxf4 30. exf4 31. Qd2 32. g5 33.
c3 34. dxc3 35. Bxc3 36. Ng6 37. d4 38. Bxb3 39. Rab1 40. a4 41. d5 42. Nce5 43.
Bxe5 44. Nxe5 45. Ned4 46. g4 47. hxg4 48. Qxg4 49. Rh1 50. Rae8 51. Rbc1 52.
Rf7 53. Qe2 54. Nxf3+ 55. Bxf3 56. Qh4+ 57. Kg2 58. Qg5+ 59. Kf1 60. Bxd5 61.
Bh5 62. f3 63. Bxf7+ 64. Bxf7 65. Qxf3 0-1

[Event "38. MIEDZYNARODOWY MEMORIAL LUDWIKA ZAMENHOFA 2019 - open B"]
[Site "Bialystok"]
[Date "1899-12-30"]
[Round "4.7"]
[White "Baryschyk, Sergey"]
[Black "Mocny, Tomasz"]
[Result "1/2-1/2"]
[WhiteTitle "I"]
[BlackTitle "I"]
[WhiteElo "1866"]
[BlackElo "1779"]

1. d4 d5 2. Nf3 3. Nf6 4. Bf4 5. e6 6. e3 7. c6 8. Bd3 9. Be7 10. O-O 11. Nh5 12.
Be5 13. Nd7 14. Nbd2 15. Nxe5 16. Nxe5 17. g6 18. f4 19. Ng7 20. Kh1 21. f6 22.
Nef3 23. Bd6 24. c4 25. Qe7 26. Qb3 27. O-O 28. Rae1 29. b6 30. cxd5 31. cxd5
32. e4 33. dxe4 34. Bxe4 35. Rb8 36. d5 37. Kh8 38. Nd4 39. Bd7 40. Nc4 41. Bc5
42. Nf3 43. exd5 44. Bxd5 45. Qd8 46. Rd1 47. Qc7 48. Nh4 49. Nf5 50. Nxf5 51.
Bxf5 52. Qf3 53. Rfe8 54. Qc3 55. Kg7 56. b4 57. Bd6 58. Qd2 59. Rbd8 60. h3 61.
Be4 62. Ne3 63. Bxf4 64. Qd4 65. Bxe3 66. Qxf6+ 67. Kh6 68. Qh4+ 69. Kg7 70. Bxe4
71. Rxd1 72. Rxd1 73. Qe7 74. Qxe7+ 75. Rxe7 1/2-1/2

[Event "38. MIEDZYNARODOWY MEMORIAL LUDWIKA ZAMENHOFA 2019 - open B"]
[Site "Bialystok"]
[Date "1899-12-30"]
[Round "4.8"]
[White "Matuszczyk, Mateusz"]
[Black "Jeda, Maciej"]
[Result "0-1"]
[WhiteTitle "II+"]
[BlackTitle "I"]
[WhiteElo "1827"]
[BlackElo "1865"]

1. e4 2. c5 3. Nf3 4. d6 5. d4 6. cxd4 7. Nxd4 8. Nf6 9. Nc3 10. g6 11. Be3 12.
Bg7 13. f3 14. O-O 15. Qd2 16. Nc6 17. O-O-O 18. d5 19. exd5 20. Nxd5 21. Nxc6
22. bxc6 23. Nxd5 24. cxd5 25. Qxd5 26. Qc7 27. Qc5 28. Qb7 29. Bd4 30. Bf5 31.
Bd3 32. Rac8 33. Qxa7 34. Qxa7 35. Bxa7 36. Ra8 37. Bc5 38. Bxd3 39. Rxd3 40.
Rxa2 41. Rhd1 42. Bxb2+ 43. Kb1 44. Ra5 45. Bxe7 46. Be5 47. c3 48. Rb8+ 49. Bb4
50. Raa8 51. Kc2 52. Ra2+ 53. Kb3 54. Rxg2 55. R1d2 56. Rxh2 57. c4 58. Kg7 59.
Rxh2 60. Bxh2 61. c5 62. h5 63. Kc4 64. h4 65. Bd2 66. Bg1 67. f4 68. Rc8 69.
Bb4 70. Kf6 71. Rd1 72. Bf2 73. Rf1 74. Bg3 75. Kd5 76. Kf5 77. Be1 78. Kg4 79.
Rg1 80. Kf3 81. Bc3 82. Bf2 83. Bd4 84. Bxg1 85. Bxg1 86. Kg2 87. Bd4 88. h3 89.
f5 90. h2 91. fxg6 92. fxg6 0-1

[Event "38. MIEDZYNARODOWY MEMORIAL LUDWIKA ZAMENHOFA 2019 - open B"]
[Site "Bialystok"]
[Date "1899-12-30"]
[Round "4.9"]
[White "Kojlo, Jan"]
[Black "Kaminski, Maciej"]
[Result "0-1"]
[WhiteTitle "I"]
[BlackTitle "I++"]
[WhiteElo "1864"]
[BlackElo "1804"]

1. e3 Nf6 2. f4 d5 3. Nf3 g6 4. d4 Bg7 5. Bd3 O-O 6. c3 b6 7. Qe2 Bb7 8. O-O c5
9. b3 Ne4 10. Bb2 Nd7 11. Nbd2 cxd4 12. exd4 Ndf6 13. Rac1 Qc7 14. g3 Rac8 15.
Rc2 Rfd8 16. Rfc1 h6 17. Ne5 g5 18. Nf1 gxf4 19. gxf4 Qd6 20. Ne3 Nd7 21. Nf5
Qf6 22. Qh5 e6 23. Nxg7 Kxg7 24. Rg2+ Kh7 25. Nxf7 Rg8 26. Ng5+ Kh8 27. h4 Rg7
28. Rcc2 Rcg8 29. Bc1 Nf8 30. Be3 Bc6 31. Nf3 Ng6 32. Qxh6+ Rh7 33. Qg5 Nxg5 34.
hxg5 Qf7 35. Ne5 Nxe5 36. dxe5 Rgg7 37. Rh2 Rxh2 38. Rxh2+ Kg8 39. g6 d4 40. cxd4
Rxg6+ 41. Bxg6 Qxg6+ 42. Kf1 Qg3 0-1

[Event "38. MIEDZYNARODOWY MEMORIAL LUDWIKA ZAMENHOFA 2019 - open B"]
[Site "Bialystok"]
[Date "1899-12-30"]
[Round "4.10"]
[White "Pialesa, Siarhei"]
[Black "Bancarewicz, Aleks"]
[Result "0-1"]
[WhiteTitle "k"]
[BlackTitle "I+"]
[WhiteElo "1769"]
[BlackElo "1859"]

1. e4 2. c5 3. Nf3 4. d6 5. d4 6. cxd4 7. Nxd4 8. Nf6 9. Nc3 10. a6 11. h3 12.
e5 13. Nde2 14. b5 15. g4 16. Bb7 17. Bg2 18. h6 19. Ng3 20. g6 21. O-O 22. Nbd7
23. a4 24. b4 25. Nd5 26. Nxd5 27. exd5 28. Bg7 29. a5 30. Rb8 31. Ra4 32. Ba8
33. Bd2 34. Rb5 35. Bxb4 36. Qb8 37. Qd2 38. Nc5 39. Bxc5 40. Rxc5 41. c4 42.
O-O 43. Ne4 44. Rcc8 45. Qb4 46. Rfd8 47. Rd1 48. f5 49. gxf5 gxf5 50. Ng3 51.
Rf8 52. Qxb8 53. Rxb8 54. b4 55. e4 56. h4 57. Bb7 58. c5 59. Bc8 60. c6 61. Bf6
62. h5 63. Rf7 64. Ne2 65. Be5 66. f4 67. Bf6 68. Bh3 69. Rg7+ 70. Kf2 71. Kf7
72. Bf1 73. Bh4+ 74. Ke3 75. Rg4 76. Bh3 77. Rg7 78. Kd4 79. Bf2+ 80. Kc4 81.
Kf6 82. Rh1 83. Be3 84. Rh2 85. Rg8 86. Rg2 87. Rxg2 88. Bxg2 89. Bd2 90. Bf1
91. Kf7 92. Bg2 93. Kf6 94. Bh3 95. Kf7 96. Nd4 97. Kf6 98. Ne2 99. Kf7 100. Kb3
101. Kf6 102. Bf1 103. Kf7 104. Nc3 105. Bxf4 106. b5 107. axb5 108. Bxb5 109.
e3 110. Rxf4 111. Rxb5+ 112. Kc2 113. Rxa5 114. Rf3 115. e2 116. Nxe2 117. Rxd5
118. Rc3 119. Rc5 120. Nd4 121. Kf6 122. Rxc5 123. dxc5 124. Nb3 125. Ke5 126.
Nxc5 127. Kd6 128. Nb3 Ke5 129. Nc5 130. Kd6 131. Nb3 132. Kxc6 133. Kd3 134.
Kd5 135. Ke3 136. Ke5 137. Nc5 138. f4+ 139. Kf3 140. Kf5 141. Kf2 142. Be6 143.
Kf3 144. Bf7 145. Nd3 146. Bxh5+ 147. Kf2 148. Bf7 149. Ne1 150. Bd5 151. Nc2
152. h5 153. Ne1 154. Kg4 155. Nd3 156. h4 157. Ne5+ 158. Kf5 159. Nd3 160. Be4
161. Nc1 162. Kg4 163. Ne2 164. h3 165. Kg1 166. Bd3 167. Nc3 168. Kg3 169. Kh1
170. f3 171. Nd1 172. Be4 0-1

[Event "38. MIEDZYNARODOWY MEMORIAL LUDWIKA ZAMENHOFA 2019 - open B"]
[Site "Bialystok"]
[Date "1899-12-30"]
[Round "4.11"]
[White "Norman, Kseniya"]
[Black "Zabrzanska, Weronika"]
[Result "1-0"]
[WhiteTitle "I"]
[BlackTitle "I++"]
[WhiteElo "1730"]
[BlackElo "1843"]

1. e4 e5 2. Nf3 Nc6 3. Bb5 Nge7 4. c3 d5 5. Nxe5 dxe4 6. Qe2 Qd5 7. Nxc6 Nxc6 8.
Bc4 Qe5 9. d4 Qe7 10. O-O Bf5 11. Nd2 O-O-O 12. Re1 Re8 13. Bd5 Qd7 14. Qb5 a6
15. Bxc6 axb5 16. Bxd7+ Kxd7 17. Nf1 Bd6 18. Bd2 h6 19. a4 bxa4 20. Rxa4 g5 21.
c4 b5 22. Ra5 Rb8 23. Bc3 Bg6 24. c5 b4 25. Bd2 Bf4 26. g3 Bxd2 27. Nxd2 Rhe8
28. Nc4 f6 29. d5 f5 30. c6+ Ke7 31. Ra7 Kf6 32. d6 Bf7 33. dxc7 Bxc4 34. cxb8=Q
Rxb8 35. Rc1 Bd5 36. Rd7 Ke6 37. Rh7 g4 38. Rxh6+ Ke5 39. c7 Rc8 40. Rb6 b3 41.
Rb8 Be6 42. Rxc8 Bxc8 43. Rd1 1-0

[Event "38. MIEDZYNARODOWY MEMORIAL LUDWIKA ZAMENHOFA 2019 - open B"]
[Site "Bialystok"]
[Date "1899-12-30"]
[Round "5.1"]
[White "Kiolbasa, Damian"]
[Black "Laskowski, Filip"]
[Result "1/2-1/2"]
[WhiteTitle "II+"]
[BlackTitle "I+"]
[WhiteElo "1946"]
[BlackElo "1908"]

1. d4 Nf6 2. c4 g6 3. Nc3 d5 4. cxd5 Nxd5 5. e4 Nxc3 6. bxc3 Bg7 7. Bb5+ c6 8.
Ba4 O-O 9. h4 h5 10. Bg5 c5 11. Ne2 cxd4 12. cxd4 Nc6 13. e5 b5 14. Bc2 Be6 15.
O-O Bc4 16. Bd3 Bxd3 17. Qxd3 Nxe5 18. Qxb5 Ng4 19. Rad1 1/2-1/2

[Event "38. MIEDZYNARODOWY MEMORIAL LUDWIKA ZAMENHOFA 2019 - open B"]
[Site "Bialystok"]
[Date "1899-12-30"]
[Round "5.2"]
[White "Ryszkiewicz, Adam"]
[Black "Ocytko, Andrzej"]
[Result "0-1"]
[WhiteTitle "I"]
[BlackTitle "k"]
[WhiteElo "1917"]
[BlackElo "1999"]

1. d4 Nf6 2. c4 e6 3. Nc3 d5 4. Bg5 Nbd7 5. cxd5 exd5 6. Nxd5 Nxd5 7. Bxd8 Bb4+
8. Qd2 Kxd8 9. e4 Re8 10. f3 f5 11. Bd3 Bxd2+ 12. Kxd2 Nf4 13. g3 Nxd3 14. Kxd3
fxe4+ 15. fxe4 Nf6 16. Re1 Nxe4 0-1

[Event "38. MIEDZYNARODOWY MEMORIAL LUDWIKA ZAMENHOFA 2019 - open B"]
[Site "Bialystok"]
[Date "1899-12-30"]
[Round "5.3"]
[White "Norov, Artem"]
[Black "Madrawski, Krzysztof"]
[Result "1/2-1/2"]
[WhiteTitle "I"]
[BlackTitle "I++"]
[WhiteElo "1871"]
[BlackElo "1993"]

1. d4 Nf6 2. c4 e5 3. dxe5 Ng4 4. Bf4 Nc6 5. Nf3 Bb4+ 6. Nbd2 Qe7 7. e3 Ngxe5 8.
Nxe5 Nxe5 9. Be2 O-O 10. O-O d6 11. Nb3 Ng6 12. Bg3 Rd8 13. a3 Bc5 14. Nxc5 dxc5
15. Qc2 Be6 16. Rfd1 c6 17. Rxd8+ Rxd8 18. Rd1 f6 1/2-1/2

[Event "38. MIEDZYNARODOWY MEMORIAL LUDWIKA ZAMENHOFA 2019 - open B"]
[Site "Bialystok"]
[Date "1899-12-30"]
[Round "5.4"]
[White "Jeda, Maciej"]
[Black "Zeliantsova, Kseniya"]
[Result "0-1"]
[WhiteTitle "I"]
[BlackTitle "k"]
[WhiteElo "1865"]
[BlackElo "1993"]

1. e4 c5 2. Nf3 Nc6 3. d4 cxd4 4. Nxd4 g6 5. c4 Bg7 6. Be3 Nf6 7. Nc3 d6 8. Be2
O-O 9. O-O Bd7 10. Rc1 Rc8 11. f3 Nxd4 12. Bxd4 Bc6 13. b4 Bh6 14. Rb1 b6 15.
a4 Nh5 16. a5 Nf4 17. axb6 axb6 18. g3 e5 19. Bf2 Nh3+ 20. Kg2 Nxf2 21. Kxf2 f5
22. Qd3 Rc7 23. Rfd1 Rd7 24. Bf1 fxe4 25. Nxe4 Ra7 26. Be2 Qa8 27. Ke1 Ra2 28.
b5 Ra3 29. Qxd6 Bxe4 30. fxe4 Kh8 31. Rd3 Qxe4 32. Qd5 Qf5 33. Kd1 Ra2 34. c5
Qf1+ 0-1

[Event "38. MIEDZYNARODOWY MEMORIAL LUDWIKA ZAMENHOFA 2019 - open B"]
[Site "Bialystok"]
[Date "1899-12-30"]
[Round "5.5"]
[White "Paulauskas, Andrius"]
[Black "Norman, Kseniya"]
[Result "0-1"]
[WhiteTitle "I"]
[BlackTitle "I"]
[WhiteElo "1930"]
[BlackElo "1730"]

1. d4 Nf6 2. f4 g6 3. Nf3 Bg7 4. Nc3 d6 5. e4 O-O 6. Be2 c5 7. dxc5 dxc5 8. e5
Qxd1+ 9. Bxd1 Ne8 10. Be3 b6 11. Nd2 Bb7 12. O-O Nc7 13. Bf3 Bxf3 14. Rxf3 Nc6
15. Nde4 Rad8 16. Rff1 f6 17. exf6 exf6 18. f5 Nd5 19. Nxd5 Rxd5 20. Nc3 Rxf5
21. Rxf5 gxf5 22. Nd5 Re8 23. Kf2 Ne5 24. h3 Kf7 25. Rd1 Rd8 26. b3 c4 27. Bf4
Rd7 28. Bxe5 fxe5 29. bxc4 Ke6 30. g4 fxg4 31. hxg4 b5 32. Ne3 Rxd1 33. Nxd1 bxc4
34. Ne3 c3 35. Kf3 Bh6 36. Nf5 Bf4 37. Ke4 Kf6 38. Nd6 a6 39. a4 Ke6 40. Nb7 Kd7
41. Nc5+ Kc6 42. Nxa6 Kb6 43. Nb4 Ka5 44. Nc6+ Kxa4 45. Kd3 Kb5 46. Ne7 Kc5 47.
Kxc3 e4 48. Nf5 Kd5 49. Nh4 Bg5 50. Ng2 Ke5 51. Kc4 Bd2 52. c3 h6 53. Kb3 e3 54.
Kc2 Ke4 55. Nh4 Be1 56. Nf5 Kf3 57. Kd3 Bf2 58. Nd4+ Kxg4 59. Ke2 h5 60. Kf1 h4
61. Ke2 h3 62. Nf3 Kf4 63. c4 Bg3 64. c5 h2 65. Nxh2 Bxh2 66. c6 Ke4 0-1

[Event "38. MIEDZYNARODOWY MEMORIAL LUDWIKA ZAMENHOFA 2019 - open B"]
[Site "Bialystok"]
[Date "1899-12-30"]
[Round "5.6"]
[White "Bancarewicz, Aleks"]
[Black "Bartoszewicz, Marcin"]
[Result "0-1"]
[WhiteTitle "I+"]
[BlackTitle "I++"]
[WhiteElo "1859"]
[BlackElo "1918"]

1. e4 e5 2. Nf3 Nc6 3. Bb5 Bc5 4. O-O d6 5. c3 Bg4 6. a4 a6 7. Be2 Nf6 8. d3 h6
9. Nbd2 O-O 10. Re1 Re8 11. Nf1 d5 12. Ng3 dxe4 13. dxe4 Qxd1 14. Bxd1 Rad8 15.
Bb3 Be6 16. Bxe6 Rxe6 17. Nf5 Ng4 18. Ne3 Nxe3 19. Bxe3 Bxe3 20. Rxe3 Na5 21.
Ree1 Rb6 22. b4 Nc4 23. Rad1 Rbd6 24. Rxd6 Rxd6 25. Kf1 f6 26. Ke2 g5 27. h3 h5
28. g4 h4 29. Rb1 Kf7 30. a5 c6 31. Rd1 Ke6 32. Rxd6+ Nxd6 33. Kd3 Nf7 34. Ng1
c5 35. Kc4 Kd6 36. b5 Nd8 37. Ne2 Ne6 38. bxa6 bxa6 39. Kb3 Nd8 40. Ka4 Nc6 41.
Ng1 c4 42. Ne2 Kc5 43. Ng1 Nd8 44. Ne2 Ne6 45. f3 Nc7 46. Nc1 Nb5 47. Ne2 Nd6
48. Nc1 Nf7 49. Ne2 Nd8 50. Ng1 Ne6 51. Ne2 Nd4 52. Ng1 Nc2 53. Ne2 Ne3 54. Ng1
Nd1 55. Ne2 Nf2 56. Ng1 Nd3 57. Ne2 Ne1 58. Ng1 Nd3 59. Ne2 Kc6 60. Ng1 Kd6 61.
Ka3 Kc5 62. Ka4 Nc1 63. Ka3 Kb5 64. Kb2 Nd3+ 65. Ka3 Kxa5 66. Ne2 Nf2 67. Ng1
Kb5 68. Ka2 Ka4 69. Kb2 Nd3+ 70. Ka2 Kb5 71. Ka3 Nf2 72. Ka2 Kc5 73. Ka3 Nd1 74.
Ne2 Kb5 75. Ka2 Ka4 76. Nc1 Nxc3+ 77. Kb2 Nd1+ 78. Kc2 Nf2 79. Kc3 Kb5 80. f4
Nxe4+ 81. Kb2 exf4 82. Kb1 f3 83. Ka1 f2 84. Kb1 f1=Q 85. Ka2 Qf2+ 86. Ka3 Qe3+
87. Ka2 Qd2+ 0-1

[Event "38. MIEDZYNARODOWY MEMORIAL LUDWIKA ZAMENHOFA 2019 - open B"]
[Site "Bialystok"]
[Date "1899-12-30"]
[Round "5.7"]
[White "Kaminski, Maciej"]
[Black "Kot, Jerzy"]
[Result "1/2-1/2"]
[WhiteTitle "I++"]
[BlackTitle "FM"]
[WhiteElo "1804"]
[BlackElo "1983"]

1. e4 g6 2. d4 Bg7 3. Nc3 d6 4. f4 Nf6 5. Nf3 O-O 6. Bd3 Nc6 7. O-O Bg4 8. Be3
e5 9. dxe5 dxe5 10. h3 exf4 11. Bxf4 Bxf3 12. Qxf3 Qe7 13. Qf2 Nh5 14. Nd5 Qd7
15. Be3 f5 16. Bc4 Kh8 17. Bc5 fxe4 18. Bxf8 Rxf8 19. Qd2 Qd6 20. Rxf8+ Qxf8 21.
Ne3 Bxb2 22. Rf1 Qc5 23. c3 Ne5 24. Kh2 Qd6 25. Qxd6 cxd6 26. g4 Nf3+ 27. Rxf3
exf3 28. gxh5 Bxc3 29. h6 Be5+ 30. Kg1 Bg3 31. Ng4 b6 32. a4 Be1 33. Kf1 Bh4 34.
Bd5 a6 35. Bxf3 b5 36. axb5 axb5 37. Bd5 Bg5 38. Ke2 Bf4 39. Kf3 Bg5 40. Ke4 b4
41. Bb3 Bd2 42. Ne3 Be1 43. Ng2 Bd2 44. Ne3 Be1 45. Kd3 Bg3 46. Ng4 Bf4 47. Be6
Bg5 48. Kc4 Bd2 49. Kb5 Bc3 50. Kc6 Bd2 51. Kxd6 Bf4+ 52. Ke7 Bg5+ 53. Kf7 Bd2
54. Bb3 Bg5 55. Ke8 Bf4 56. Kd7 Bg5 57. Kc6 Bf4 58. Kc5 Bd2 59. Kd4 Bg5 60. Kd3
Bf4 61. Bc4 Bg5 62. Kc2 Bf4 63. Kb3 Bd2 64. Be6 Bc3 65. Kc2 Be1 66. Ne5 Bg3 67.
Nf7+ Kg8 68. Kb3 Be1 69. Ng5+ Kh8 70. Kc2 Bg3 71. Kd3 Bf4 72. Nf7+ Kg8 73. Ke4
Bd2 74. Ng5+ Kh8 75. Nf7+ Kg8 76. Bc4 Bc1 77. Ke5 Bb2+ 78. Ke6 Bc1 79. Ke7 Be3
80. Ng5+ Kh8 81. h4 Bc5+ 82. Ke8 Bf2 83. Kf8 Bc5+ 84. Kf7 Bf2 85. Nf3 Be3 86.
Ng5 Bf2 87. Kf8 Bc5+ 88. Ke8 Bf2 89. h5 gxh5 90. Nf7+ Kg8 91. Nd6+ Kh8 92. Ne4
Be3 93. Kf7 Bxh6 94. Kf6 h4 95. Kf5 h3 96. Ng3 h2 97. Kg4 Kg7 98. Kh3 Bg5 99.
Kxh2 Bf4 100. Kh3 Bxg3 101. Kxg3 Kg6 102. Kf4 h5 103. Kg3 Kg5 104. Kh3 1/2-1/2